| 000 | 00634nam a22002057a 4500 | ||
|---|---|---|---|
| 008 | 131113b xxu||||| |||| 00| 0 ger d | ||
| 020 | _a3806873313 | ||
| 041 | 0 | _ager | |
| 080 | _a339.138 : 658.8.012 | ||
| 100 | 1 | _aForsyth, Patrick | |
| 245 | 1 | 0 |
_aMarketing-eine einführung : _cPatrick Forsyth |
| 260 |
_a[Germany] : _bFalken ; _c1997. |
||
| 300 |
_a175 f. : _c23 cm. |
||
| 490 | _aFalken and pitman management | ||
| 500 | _aVorwort : f. 6-7 | ||
| 500 | _aEinleitung : f. 8-10 | ||
| 650 | 0 | _aMarketingu | |
| 650 | 0 | _aMarketingu industrial | |
| 942 |
_2udc _cBK |
||
| 999 |
_c294 _d294 |
||